00712nam a2200205Ia 4500003000900000008004100009020001800050040001600068080001800084245010400102260002300206300002000229650004300249650004100292700002800333700002600361942000700387999001700394952009500411IN-BaIIA211028s9999 xx 000 0 eng d a0-7876-0961-7 cIIA Library a92:3+5bSAA-2 0aScientistsbthe lives and works of 150 scientists, vol. 2, G - Ocedited by P. Saari and S. Allison aU.S.AbU.X.Lc1996 alv, 363 - 715p. aPhysical Scientists - Biography925038 aSocial Scientists - Biography925039 aAllison, S., ed.925040 aSaari, P., ed.925041 cBK c14201d14201 00104070aBANbBANcGENd2001-08-06l0o92:3+5/ SAA-2p15121r2021-11-05w2001-08-06yBK